Départements français par leur numéro - Statistiques

Statistiques générales
  • Ce quiz a été pris 208 fois
  • Le résultat moyen est 51 sur 101
Réponses sur la Carte
Les réponses sont colorées sur une échelle allant du rouge au vert en fonction du pourcentage des utilisateurs qui les ont devinées à leur premier essai. Vous pouvez retrouver ces pourcentages ci-dessous.
 
Statistiques - réponses
Départements % Correct
1 Ain
100%
2 Aisne
92%
2A Corse-du-Sud
84%
2B Haute-Corse
83%
13 Bouches-du-Rhône
75%
3 Allier
72%
10 Aube
72%
11 Aude
72%
6 Alpes-Maritimes
71%
7 Ardèche
71%
4 Alpes-de-Haute-Provence
69%
33 Gironde
69%
9 Ariège
67%
5 Hautes-Alpes
66%
12 Aveyron
64%
14 Calvados
64%
44 Loire-Atlantique
63%
8 Ardennes
61%
22 Côtes-d'Armor
61%
75 Paris
61%
29 Finistère
60%
971 Guadeloupe
60%
972 Martinique
60%
17 Charente-Maritime
58%
34 Hérault
58%
42 Loire
58%
69 Rhône (et métropole de Lyon)
58%
15 Cantal
57%
25 Doubs
57%
974 La Réunion
57%
16 Charente
56%
21 Côte-d'Or
56%
27 Eure
56%
30 Gard
56%
37 Indre-et-Loire
56%
19 Corrèze
55%
28 Eure-et-Loir
55%
93 Seine-Saint-Denis
55%
43 Haute-Loire
54%
35 Ille-et-Vilaine
54%
36 Indre
54%
40 Landes
54%
45 Loiret
54%
59 Nord
54%
18 Cher
53%
32 Gers
53%
23 Creuse
52%
973 Guyane
51%
31 Haute-Garonne
51%
38 Isère
51%
39 Jura
49%
976 Mayotte
49%
24 Dordogne
48%
50 Manche
48%
78 Yvelines
48%
26 Drôme
46%
60 Oise
45%
94 Val-de-Marne
44%
74 Haute-Savoie
43%
64 Pyrénées-Atlantiques
43%
66 Pyrénées-Orientales
43%
73 Savoie
43%
77 Seine-et-Marne
43%
65 Hautes-Pyrénées
42%
41 Loir-et-Cher
42%
56 Morbihan
42%
62 Pas-de-Calais
42%
95 Val-d'Oise
42%
67 Bas-Rhin
40%
68 Haut-Rhin
40%
92 Hauts-de-Seine
40%
48 Lozère
39%
58 Nièvre
39%
61 Orne
39%
76 Seine-Maritime
39%
84 Vaucluse
39%
49 Maine-et-Loire
38%
51 Marne
38%
63 Puy-de-Dôme
38%
90 Territoire de Belfort
38%
83 Var
38%
85 Vendée
38%
46 Lot
37%
47 Lot-et-Garonne
37%
53 Mayenne
37%
91 Essonne
36%
54 Meurthe-et-Moselle
36%
55 Meuse
36%
57 Moselle
35%
52 Haute-Marne
34%
72 Sarthe
34%
81 Tarn
31%
82 Tarn-et-Garonne
30%
86 Vienne
30%
88 Vosges
30%
89 Yonne
30%
70 Haute-Saône
29%
87 Haute-Vienne
29%
71 Saône-et-Loire
29%
80 Somme
29%
79 Deux-Sèvres
25%
Aucun quiz correspondant
Distribution des résultats
% des personnes avec chaque résultat
Percentile par nombre de réponses
Votre historique - résultats
Vous n’avez pas pris ce quiz